365 prescriptions for the soul : Daily messages of inspiration, hope and love
| Main Author: | |
|---|---|
| Format: | Book |
| Published: |
California :
New World Library ,
2004
|
| Subjects: |
MARC
| LEADER | 00000cam a2200000 7i4500 | ||
|---|---|---|---|
| 001 | 0000012130 | ||
| 005 | 20071204.0 | ||
| 008 | 071204 | ||
| 020 | |a 1577314255 | ||
| 090 | 0 | 0 | |a 204.32 |b SIE |
| 100 | 1 | |a Siegel, Bernie S | |
| 245 | 1 | 0 | |a 365 prescriptions for the soul : |b Daily messages of inspiration, hope and love |c Bernie S. Siegel |
| 260 | |a California : |b New World Library , |c 2004 | ||
| 650 | 0 | |a Meditions | |
| 650 | 0 | |a Spiritual life | |
| 999 | |a 0001003820 |b Book |c Adult Collection |e Perbadanan Perpustakaan Awam Johor | ||